Del humorismo (Record no. 18487)

MARC details
000 -LEADER
campo de control de longitud fija 00749nam a2200205 i 4500
001 - NÚMERO DE CONTROL
campo de control 18487
003 - IDENTIFICADOR DE NÚMERO DE CONTROL
campo de control ES-MaACL
005 - FECHA Y HORA DE LA ÚLTIMA TRANSACCIÓN
campo de control 20250822095128.0
007 - CAMPO FIJO DE DESCRIPCIÓN FÍSICA--INFORMACIÓN GENERAL
campo de control de longitud fija t|
008 - DATOS DE LONGITUD FIJA--INFORMACIÓN GENERAL
campo de control de longitud fija 020109s1895 sp |||| | spa d
080 ## - NÚMERO DE LA CLASIFICACIÓN DECIMAL UNIVERSAL
Número de la Clasificación Decimal Universal 82-7.09(042)
100 1# - ENTRADA PRINCIPAL--NOMBRE DE PERSONA
Nombre de persona Ovejero Bustamante, Andrés,
Fechas asociadas al nombre 1871-1954
9 (RLIN) 87998
245 10 - MENCIÓN DEL TÍTULO
Título Del humorismo
Resto del título : discurso leído en el Ateneo de Madrid /
Mención de responsabilidad, etc. por Andrés Ovejero Bustamante, Secretario primero de la Sección de Literatura.
260 ## - PUBLICACIÓN, DISTRIBUCIÓN, ETC.
Lugar de publicación, distribución, etc. Madrid :
Nombre del editor, distribuidor, etc. [s.n.],
Fecha de publicación, distribución, etc. 1895 (
Fabricante Imp., Fund. y Fáb. de tintas de los Hijos de J.A. García)
300 ## - DESCRIPCIÓN FÍSICA
Extensión 48 p. ;
Dimensiones 19 cm.
610 27 - PUNTO DE ACCESO ADICIONAL DE MATERIA--NOMBRE DE ENTIDAD CORPORATIVA
Nombre de entidad corporativa o nombre de jurisdicción como elemento de entrada Ateneo de Madrid-
Subdivisión de forma Conferencias-
Subdivisión cronológica S.XIX.
9 (RLIN) 1910
650 17 - PUNTO DE ACCESO ADICIONAL DE MATERIA--TÉRMINO DE MATERIA
Término de materia o nombre geográfico como elemento de entrada Humorismo
Fuente del encabezamiento o término embne
9 (RLIN) 13509
852 ## - LOCALIZACIÓN
Ubicación ES-MaACL
Número de control de estantería T-888-F-5
Holdings
Estatus retirado Estado de pérdida Estado de daño No para préstamo Colección Biblioteca de origen Biblioteca actual Ubicación en estantería Fecha de adquisición Fuente de adquisición Total de préstamos Signatura topográfica completa Código de barras Visto por última vez Precio de reemplazo Tipo de ítem Koha
        Colección de folletos Biblioteca del Ateneo de Madrid Biblioteca del Ateneo de Madrid Depósito folletos 17/01/2008     T-888-F-5 1018913 23/02/2023 23/02/2023 Folleto